Ciutat de Vic : programa oficial de les festes de Sant Miquel dels Sants del 4 al 10 de juliol 1934 programa oficial de les festes de Sant Miquel dels Sants del 4 al 10 de juliol 1934
Descripción Física:
[9] p. ; 22 cm
Materias:
Festes populars -- Programes
MARC
| LEADER | 00000nam a2200000Ia 4500 | ||
|---|---|---|---|
| 001 | 16206 | ||
| 008 | 160829s1934 xx 000 0 cat d | ||
| 080 | |a RF-14-33 | ||
| 245 | |a Ciutat de Vic : |b programa oficial de les festes de Sant Miquel dels Sants del 4 al 10 de juliol 1934 | ||
| 260 | |a [S.l.] : |b Imp. Anglada, |c 1934 | ||
| 300 | |a [9] p. ; |c 22 cm | ||
| 590 | |a Prové de 4032, exp. 125 | ||
| 650 | |a Festes populars |x Programes |9 43540 | ||
| 856 | 4 | |u https://media.diba.cat/diba/fitxers/arxiu/fulletons/bib_16206_1934_baixa.pdf |y Accés lliure | |
| 856 | 4 | |u https://media.diba.cat/diba/fitxers/arxiu/fulletons/bib_16206_1934_baixa.pdf |y Accés lliure | |
| 901 | |a Arxiu | ||
| 942 | |n 1 |2 udc | ||
| 952 | |0 0 |1 0 |4 0 |6 RF1433 |7 1 |9 51500 |a Arxiu |b Arxiu |d 2016-12-01 |l 0 |o RF-14-33 |p 16206 |r 2016-12-01 00:00:00 |w 2016-12-01 |y ARXIU | ||
| 999 | |c 55344 |d 55344 | ||
| 900 | |a bib_16206_1934_baixa.pdf | ||